| 000 | 00522nam a22001697a 4500 | ||
|---|---|---|---|
| 003 | BD-DhUL | ||
| 005 | 20160831110642.0 | ||
| 008 | 160831b xxu||||| |||| 00| 0 eng d | ||
| 040 | _cBD-DhUL | ||
| 082 |
_a928 _bABR |
||
| 100 | _aফজল, আবুল | ||
| 245 |
_aরেখা চিত্র / _cফজল, আবুল |
||
| 260 |
_aচট্টগ্রাম, _bবইঘর, _c১৯৬৮ |
||
| 300 |
_a৪০০ পৃ. ; _c২২ সেমি. |
||
| 650 |
_aইতিহাস _vHistory |
||
| 942 |
_2ddc _cBK |
||
| 999 |
_c103297 _d103297 |
||